Statistics for Fairly Odd Parents Quiz

Click here to take the quiz!

General Stats

  • This quiz has been taken 744 times
  • The average score is 14 of 47

Answer Stats

HintAnswer% Correct
Main characterTimmy Turner
100%
Green-haired fairy godparentCosmo Cosma
99%
Pink-haired fairy godparentWanda Fairywinkle-Cosma
98%
Godparent's babyPoof Cosma
84%
Main character's babysitterVicky
65%
Love fairyCupid
64%
Toughest fairy in the universeJorgen Von Strangle
51%
Main character's smart friendAJ
50%
Main character's friend with bracesChester McBadBat
49%
Main character's fairy-obsessed teacherDenzel Quincy Crocker
49%
Main comic superheroCrimson Chin
48%
Toughest fairy's wifeTooth Fairy
36%
Has a crush on main characterTootie
36%
Popular teen singing sensationChip Skylark III
35%
Opposites of fairiesAnti-Fairies
34%
School bullyFrancis
33%
Main character's crushTrixie Tang
33%
Main character's momMrs. Turner
31%
Main character's dadMr. Turner
31%
Business fairiesPixies
31%
Actor from a cancelled superhero showAdam West / Catman
30%
Richest man of Dimmsdale with tall hatDoug Dimmadome
27%
Kid with boilElmer
25%
Pink-haired fairy's sisterBlonda Fairywinkle
24%
Green-haired fairy's motherMama Cosma
24%
Other Nickelodeon character who appears in "Power Hours"Jimmy Neutron
21%
Spanish fairyJuandissimo Magnifico
21%
Evil genieNorm the Genie
21%
Pink-haired fairy's fatherBig Daddy Fairywinkle
19%
Alien prince from YugopotamiaMark Chang
19%
Indian kid with military dadSanjay
19%
Funny fairyThe April Fool
17%
Vertically challenged newscasterChet Ubetcha
13%
Main character's neighborsDinklebergs
13%
Main character's rich rival with Spanish fairyRemy Buxaplenty
13%
Comic superhero's archnemesisBronze Kneecap
12%
Fairy doctorDoctor Rip Studwell
11%
Comic superhero's evil twin brotherNega Chin
11%
Obsessed friend of ^Veronica
11%
Fictional TV space heroCrash Nebula
10%
Evil fiance of ^Princess Mandie
9%
Evil space villainDark Laser
6%
Main character's other rich classmatesTad and Chad
6%
Evil dentistDoctor Bender
5%
Dimmsdale's mascotChompy the Goat
3%
School's PrincipalGeraldine Waxelplax
3%
Dimmsdale's leaderMayor of Dimmsdale
0%

Score Distribution

Percentile by Number Answered

Percent of People with Each Score

Your Score History

You have not taken this quiz